000 00694nam a2200205Ii 4500
001 13254
003 CO-ViMGA
008 241108s9999||||xx |||||||||||||| ||und||
040 _aCO-ViMGA
_bspa
_erda
_cCO-ViMGA
041 0 _aspa
082 0 4 _aF.FC 630.2 - C67c
110 1 _aCorporación Colombiana de Investigación Agrapocuaria "Corpoica"
_952990
245 1 0 _aContribución de Corpoica a la investigación y desarrollo agropecuario de Colombia
264 1 _aBogotá, Colombia : Produmedios, 1998
300 _avolumen
336 _atext
_btxt
_2rdacontent
337 _aunmediated
_bn
_2rdamedia
338 _avolume
_bnc
_2rdacarrier
940 _aidficha_siabuc: 12956. -- ficha_no_siabuc:13254
999 _c48333
_d48333